| 000 -ლიდერი |
| ფიქსირებული სიგრძის საკონტროლო ველი |
01469nam a2200289Ia 4500 |
| 001 - საკონტროლო ნომერი |
| საკონტროლო ველი |
18083 |
| 003 - საკონტროლო ნომრის იდენტიფიკატორი |
| საკონტროლო ველი |
GE_BSU |
| 005 - ბოლო ოპერაციის თარიღი და დრო |
| საკონტროლო ველი |
20200701114826.0 |
| 008 - ფიქსირებული სიგრძის მონაცემთა ელემენტები - ზოგადი ინფორმაცია |
| ფიქსირებული სიგრძის საკონტროლო ველი |
181216s2002||||ge |||||||||||||| ||geo|| |
| 020 ## - წიგნის საერთაშორისო სტანდარტული ნომერი |
| International Standard Book Number |
99928-953-1-4 |
| 040 ## - კატალოგიზაციის წყარო |
| Transcribing agency |
GE_BSU |
| 041 ## - ენის კოდი |
| Language code of text/sound track or separate title |
geo |
| 080 ## - უნივერსალური ათობითი კლასიფიკაციის ინდექსი |
| Universal Decimal Classification number |
81'1 ს-70 |
| 100 ## - მთავარი ჩანაწერი - პიროვნების სახელი |
| Personal name |
სოსიური, ფერდინანდ დე |
| 9 (RLIN) |
8927 |
| 245 ## - ცნობა სათაურის შესახებ |
| Title |
ზოგადი ენათმეცნიერების კურსი / |
| Statement of responsibility, etc |
ფერდინანდ დე სოსიური ; მთარგმნ. ცისანა ბიბილეიშვილი ; რედ. ბაქარ გიგინეიშვილი. |
| 264 ## - წარმოების, გამოცემის, დისტრიბუციის და სხვა ცნობები |
| გამოცემის, წარმოების, დისტრიბუციის... ადგილი |
თბილისი : |
| გამოცემის, წარმოების, დისტრიბუციის... სახელწოდება |
დიოგენე, |
| გამოცემის, წარმოების, დისტრიბუციის... თარიღი |
2002. |
| 300 ## - ფიზიკური აღწერა |
| Extent |
237გვ. ; |
| Dimensions |
20 სმ. |
| 653 ## - INDEX TERM--UNCONTROLLED |
| Uncontrolled term |
ზოგადი ენათმეცნიერების კურსი |
| 653 ## - INDEX TERM--UNCONTROLLED |
| Uncontrolled term |
ფონოლოგია |
| 653 ## - INDEX TERM--UNCONTROLLED |
| Uncontrolled term |
ლინგვისტიკა |
| 700 ## - ADDED ENTRY--PERSONAL NAME |
| Personal name |
ბიბილეიშვილი, ცისანა |
| Relator term |
მთარგმნელი |
| 9 (RLIN) |
8928 |
| 700 ## - ADDED ENTRY--PERSONAL NAME |
| Personal name |
გიგინეიშვილი, ბაქარ |
| Relator term |
რედაქტორი |
| 9 (RLIN) |
8929 |
| 710 ## - ADDED ENTRY--CORPORATE NAME |
| Corporate name or jurisdiction name as entry element |
საქ. მეცნიერებათა აკადემია |
| 9 (RLIN) |
8073 |
| 710 ## - ADDED ENTRY--CORPORATE NAME |
| Corporate name or jurisdiction name as entry element |
კ. კეკელიძის სახელობის ხელნაწერთა ინსტიტუტი |
| 9 (RLIN) |
7947 |
| 942 ## - ADDED ENTRY ELEMENTS (KOHA) |
| Koha item type |
წიგნი |
| Source of classification or shelving scheme |
|